banner-ar

Christianity and monasticism in Aswan and Nubia / (Record no. 63034)

MARC details
000 -الفاتح
حقل البيانات ثابتة الطول 03993cam a22004217i 4500
005 - وقت وتاريخ اخر تعامل مع التسجيلة
رقم الضبط 20240530110620.0
008 - عناصر البيانات ثابتة الطول - معلومات عامة
حقل البيانات ثابتة الطول 130724s2013 ua abe b 100 0 eng d
020 ## - الرقم الدولى المعيارى للكتب
الرقم الدولى المعيارى للكتاب 9789774165610
040 ## - مصدر الفهرسة
وكالة النسخ EG-CaGPL
082 04 - رقم تصنيف ديوى العشرى
رقم الطبعة 21
رقم التصنيف 255.00962
رقم المادة CC/G C
245 00 - بيان العنوان
العنوان Christianity and monasticism in Aswan and Nubia /
بيان المسئوليه,etc edited by Gawdat Gabra, Hany N. Takla.
300 ## - الوصف المادى
التعداد xxi, 309 pages :
تفاصيل ماديه اخرى للوعاء illustrations, maps, plans ;
أبعاد الوعاء 24 cm.
490 1# - بيان السلسلة
عنوان السلسلة Christianity and monasticism in Egypt ;
رقم المجلد/ التعيين التسلسلي v. 5
500 ## - تبصرة عامة
تبصرة عامة Essays presented at the fifth international symposium of the St. Mark Foundation for Coptic History Studies and the St. Shenouda the Archimandrite Coptic Society, held from January 31 to February 4, 2010 near the Monastery of St. Hadra, west of Aswan, Egypt.
500 ## - تبصرة عامة
تبصرة عامة "A Saint Mark Foundation book."
504 ## - تبصرة ببليوجرافية
تبصرة ببليوجرافية,الخ Includes bibliographical references (pages 283-309).
650 #0 - المدخل الاضافى بالموضوع-مصطلح موضوعى
مصطلح موضوعي Monasticism and religious orders
التقسيم الفرعي الجغرافي Egypt
-- Aswān (Province)
التقسيم الفرعي العام History.
650 #0 - المدخل الاضافى بالموضوع-مصطلح موضوعى
مصطلح موضوعي Monasticism and religious orders
التقسيم الفرعي الجغرافي Nubia
التقسيم الفرعي العام History.
651 #0 - المدخل الاضافى بالموضوع - اسم جغرافى
الاسم الجغرافي Aswān (Egypt : Province)
التقسيم الفرعي العام Church history.
651 #0 - المدخل الاضافى بالموضوع - اسم جغرافى
الاسم الجغرافي Nubia
التقسيم الفرعي العام Church history.
700 1# - المدخل الاضافى - اسم شخصى
الإسم الشخصى Gabra, Gawdat,
الدور editor.
700 1# - المدخل الاضافى - اسم شخصى
الإسم الشخصى Takla, Hany N.,
الدور editor.
710 2# - المدخل الاضافى - اسم هيئه
اسم الهيئة أو اسم السلطة كمدخل Saint Mark Foundation.
710 2# - المدخل الاضافى - اسم هيئه
اسم الهيئة أو اسم السلطة كمدخل Saint Shenouda the Archimandrite Coptic Society.
942 ## - عناصر المدخل الإضافي( كوها)
مصدر التصنيف او مخطط الترفيف Dewey Decimal Classification
Koha [default] item type كتاب
264 #1 -
-- Cairo ;
-- New York :
-- The American University in Cairo Press,
-- [2013]
264 #4 -
-- ©2013
336 ## -
-- text
-- rdacontent
337 ## -
-- unmediated
-- rdamedia
338 ## -
-- volume
-- rdacarrier
505 0# - تبصرة محتويات-الفهرس
تبصرة المحتويات المصاغة Coptic ostraca from Hagr Edfu / Anke Ilona Blöbaum -- Imagining Macedonius, the first Bishop of Philae / James E. Goehring -- Apa Hadra (Hidra) in the Difnar / Nashaat Mekhaiel -- Christianity on Philae / Samuel Moawad -- The indexing of manuscripts of the Monastery of the Great Saint Pachomius in Edfu / Fr. Angelous el-Naqlouny -- The beginnings of Christianity in Nubia / Siegfried G. Richter -- A foreshadowing of the desert spirituality in ancient Nubia and Upper Egypt / Ashraf Alexandre Sadek -- Contested frontiers : southern Egypt and northern Nubia, AD 300-1500 : the evidence of the inscriptions / Jacques van der Vliet -- The veneration of saints in Aswan and Nubia / Youhanna Nessim Youssef -- Dayr al-Kubbaniya : review of the documentation on the "Isisberg" Monastery ; The development of the church at Dayr Anba Hadra : a study of the plasterwork and dated inscriptions ; An updated plan of the church at Dayr Qubbat al-Hawa / Renate Dekker -- The Christian wall paintings from the Temple of Isis at Aswan revisited / Jitse H.E. Dijkstra and Gertrud J.M. van Loon -- Monastic life in Makuria / Włodzimierz Godlewski -- Christian Aswan in the modern era and the history of its cathedral / Metropolitan Hedra -- The word and the flesh / Karel C. Innemée -- The ascension scene in the apse of the church at Dayr Qubbat al-Hawwa : a comparative study / Mary Kupelian -- The Nubian marble object preserved in Dayr al-Suryan in Wadi al-Natrun / Bishop Martyros -- The digital 3D virtual reconstruction of the monastic church, Qubbat al-Hawa / Howard Middleton-Jones -- Christian objects in the Aswan and Nubia museums / Atif Naguib -- Sources for the study of late antique and early medieval Hagr Edfu / Elisabeth R. O'Connell -- Christianity in Kom Ombo / Adel F. Sadek -- Identification of the monastery of the Nubians in Wadi al-Natrun / Fr. Bigoul al-Suriany -- Monneret de Villard (1881-1954) and Nubia / Fr. Awad Wadi -- The conservation of the mural paintings of St. Hatre Monastery / Ashraf Nageh.
830 #0 - المدخل الاضافى بالسلسلة -عنوان موحد
عنوان موحد Christianity and monasticism in Egypt ;
رقم المجلد/ التعيين التسلسلي v. 5.
856 41 - الوصول و الموقع الالكترونى
مواد محددة Table of contents only
معرف المصدر الموحد http://www.loc.gov/catdir/enhancements/fy1406/2012277531-t.html
856 42 - الوصول و الموقع الالكترونى
مواد محددة Contributor biographical information
معرف المصدر الموحد http://www.loc.gov/catdir/enhancements/fy1406/2012277531-b.html
856 42 - الوصول و الموقع الالكترونى
مواد محددة Publisher description
معرف المصدر الموحد http://www.loc.gov/catdir/enhancements/fy1406/2012277531-d.html
Holdings
حالة التراجع حالة الفقد مصدر التصنيف او خطة الترفيف حالة تلف ليس للاعارة المكان المؤقت الموقع الحالى موقع الترفيف تاريخ الاكتساب اجمالي اﻻعارات رقم الطلب الباركود تاريخ اخر مشاهدة تاريخ تفعيل السعر نوع وعاء كوها
    ddc     مكتبة القاهرة الكبرى مكتبة القاهرة الكبرى   12/18/2016   255.00962 CC/G C 162980 12/18/2016 12/18/2016 كتاب

Powered By

EGPV